书目信息 |
| 题名: |
咏春搏击功夫教程
|
|
| 作者: | 舒建臣 著 | |
| 分册: | ||
| 出版信息: | 太原 山西科技出版社 2017 |
|
| 页数: | 754页 | |
| 开本: | 24cm | |
| 丛书名: | ||
| 单 册: | ||
| 中图分类: | G852.131.9 , G852.131 | |
| 科图分类: | ||
| 主题词: | 南拳--套路(武术)--图解 | |
| 电子资源: | ||
| ISBN: | 978-7-5377-5453-8 | |
| 000 | 00976nam0 2200253 450 | |
| 001 | 111 | |
| 005 | 20180519114132.12 | |
| 010 | @a978-7-5377-5453-8@dCNY78.00 | |
| 100 | @a20170619d2017 em y0chiy50 ea | |
| 101 | 0 | @achi |
| 102 | @aCN@b140000 | |
| 105 | @aa z 000yy | |
| 200 | 1 | @a咏春搏击功夫教程@9yong chun bo ji gong fu jiao cheng@f舒建臣著 |
| 210 | @a太原@c山西科技出版社@d2017 | |
| 215 | @a754页@c图@d24cm | |
| 314 | @a舒建臣,中国近代著名武术家之一,咏春拳者。出版有《咏春拳术丛书》《中国擒拿术》等。 | |
| 330 | @a本书是作者历时多年的集大成之作,较全面地阐释和统一了咏春拳搏击术各技术技法,从解剖学入手,直观地为读者分析了人体各部位的攻防方法和注意事项,并分别详细地介绍了咏春拳拳法、掌法、肘法、膝法、腿法、擒拿法、防守法等等搏击技术。 | |
| 606 | 0 | @a南拳@x套路(武术)@j图解 |
| 610 | 0 | @a咏春拳 |
| 690 | @aG852.131.9@v5 | |
| 690 | @aG852.131@v4 | |
| 701 | 0 | @a舒建臣@9shu jian chen@4著 |
| 801 | 0 | @aCN@b91MARC@c20170619 |
| 905 | @aMuseLib@dG852.131@e374 | |
| 咏春搏击功夫教程/舒建臣著.-太原:山西科技出版社,2017 |
| 754页:图;24cm |
| ISBN 978-7-5377-5453-8:CNY78.00 |
| 本书是作者历时多年的集大成之作,较全面地阐释和统一了咏春拳搏击术各技术技法,从解剖学入手,直观地为读者分析了人体各部位的攻防方法和注意事项,并分别详细地介绍了咏春拳拳法、掌法、肘法、膝法、腿法、擒拿法、防守法等等搏击技术。 |
| ● |
| 相关链接 |
|
|
|
|
正题名:咏春搏击功夫教程
索取号:G852.131/374
 
预约/预借
| 序号 | 登录号 | 条形码 | 馆藏地/架位号 | 状态 | 备注 |
| 1 | 1100592 | 211005927 | 第一样本阅览室/ [索取号:G852.131/374] | 在馆 | |
| 2 | 1100593 | 211005936 | 教育系资料室/ [索取号:G852.131/374] | 在馆 | |
| 3 | 1100594 | 211005945 | 教育系资料室/ [索取号:G852.131/374] | 在馆 | |
| 4 | 1100595 | 211005954 | 教育系资料室/ [索取号:G852.131/374] | 在馆 | |
| 5 | 1100596 | 211005963 | 第四借阅区/ [索取号:G852.131/374] | 在馆 | |
| 6 | 1100597 | 211005972 | 第四借阅区/ [索取号:G852.131/374] | 在馆 |